000 00636nam a22002177a 4500
005 20221220144901.0
008 221220b ||||| |||| 00| 0 eng d
040 _cAL
041 _aEnglish
082 _223
_a954.035092
_bSAMA
100 _aB R Sampla
_967016
245 _aAmbedkar: Messiah of the Downtrodden
260 _aChandigarh
_bK C Sulekh
_c1994
300 _axxxxviii,744 p.
_bHB
_c22x14 cm.
365 _b₹250.00
_c
_d₹250.00
650 _aAmbedkar B. R
_967017
650 _aStatesmen--India--Biography
_967018
650 _aDalits--India--Biography
_967019
700 _aSAMPLA (B R)
_967020
942 _2ddc
_cDB
999 _c225963
_d225963